Statystyki dla Kraje Świta Po Emotkach

Kliknij tutaj aby rozwiązać quiz!

Ogólne statystyki

  • Ten quiz został rozwiązany 237 razy
  • Średni wynik to 15 z 20

Statystyki odpowiedzi

emotkakraj% Poprawnych
🥐🗼🍷Francja
99%
🗽🍔🏈Usa
95%
🏒🍁❄Kanada
93%
🗾🎌🥡Japonia
91%
🈚🍚⛩Chiny
90%
☕👑💂‍♂️Wielka Brytania
90%
🥨🍺⚽Niemcy
89%
🍕🍜🥠Włochy
89%
🌮🌵💀Meksyk
86%
🦅👑✝Polska
82%
🌡🌿⚽Brazylia
80%
🍫🧀⏰
Szwajcaria
75%
🍟🍺🍫Belgia
73%
🥘🏖⚽Hiszpania
70%
🌷🤑🧀Holandia
65%
🍾🐺🐰Rosja
65%
⚽☀️🌴Argentyna
55%
🎭🧿🌞Grecja
54%
🍷⚽🐥Portugalia
51%
🧕👳‍♂️☸️Indie
45%

Rozkład punktacji

Percentyl według liczby udzielonych odpowiedzi

Procent ludzi z każdym wynikiem

Twoja historia wyników

Nie rozwiązałeś tego quizu